[Event "EYCC Girls U16 2021"]
[Site "Tornelo"]
[Date "2021.10.15"]
[Round "6.3"]
[White "Tsotsonava, Elene"]
[Black "Mihelic, Vesna"]
[Result "1/2-1/2"]
[WhiteElo "1887"]
[BlackElo "1882"]
[Annotator "NA RC"]
[PlyCount "128"]
[EventDate "2021.10.15"]
[EventType "swiss"]
[EventCountry "NET"]
[SourceTitle "playchess.com"]
[Source "ChessBase"]
[SourceQuality "1"]
[TimeControl "5400+30"]

1. e4 {[%emt 0:00:30]} e5 {[%emt 0:00:37]} 2. Nc3 {[%emt 0:00:10]} Nf6 {[%emt 0:00:11]} 3. Bc4 {[%emt 0:00:07]} Nc6 {[%emt 0:00:30]} 4. d3 {[%emt 0:00:08]} Bc5 {[%emt 0:00:12]} 5. f4 {[%emt 0:00:19]} d6 {[%emt 0:00:10]} 6. Nf3 {[%emt 0:00:40]} a6 {[%emt 0:02:12]} 7. a3 {[%emt 0:03:51]} h6 {[%emt 0:05:24]} 8. f5 {[%emt 0:03:58]} Nd4 {[%emt 0:01:25]} 9. Nxd4 {[%emt 0:02:57]} exd4 {[%emt 0:07:02]} 10. Ne2 {[%emt 0:01:49]} d5 {[%emt 0:00:41]} 11. exd5 {[%emt 0:16:10]} Bxf5 {[%emt 0:02:27]} 12. O-O {[%emt 0:00:18]} Bg4 {[%emt 0:01:38]} 13. Qe1 {[%emt 0:01:44]} O-O {[%emt 0:04:26]} 14. Nf4 {[%emt 0:00:23]} Bd6 {[%emt 0:13:18]} 15. h3 {[%emt 0:03:02]} Bh5 {[%emt 0:01:51]} 16. Qf2 {[%emt 0:05:47]} b6 {[%emt 0:09:21]} 17. Bd2 {[%emt 0:03:32]} Bg6 {[%emt 0:02:52]} 18. Ne2 {[%emt 0:08:38]} Be5 {[%emt 0:04:18]} 19. Nxd4 {[%emt 0:02:01]} Bxd4 {[%emt 0:02:48]} 20. Qxd4 {[%emt 0:00:14]} c5 $1 {[%emt 0:00:30]} 21. Qf4 {[%emt 0:05:24]} Qd7 {[%emt 0:13:39]} 22. Qf3 {[%emt 0:08:26]} Kh7 {[%emt 0:07:41]} 23. Rae1 $16 {[%emt 0:06:06]} (23. Ba2 $18) 23... Rad8 {[%emt 0:02:15]} 24. Bxa6 {[%emt 0:01:17]} Qa4 {[%emt 0:00:48]} 25. Bc4 {[%emt 0:04:34]} Nxd5 {[%emt 0:03:35]} 26. Bb3 {[%emt 0:05:08]} Qd4+ {[%emt 0:01:08]} 27. Kh1 {[%emt 0:00:30]} b5 {[%emt 0:01:19]} 28. Qf2 {[%emt 0:04:58]} Qxf2 {[%emt 0:01:43]} 29. Rxf2 {[%emt 0:00:06]} f6 {[%emt 0:03:59]} 30. Re6 {[%emt 0:02:27]} Bf7 {[%emt 0:00:44]} 31. Rc6 {[%emt 0:00:49]} Rc8 {[%emt 0:00:20]} 32. Bxd5 {[%emt 0:02:39]} Bxd5 {[%emt 0:00:11]} 33. Rb6 {[%emt 0:00:26]} Rb8 {[%emt 0:00:23]} 34. Rxb8 {[%emt 0:01:03]} Rxb8 {[%emt 0:00:06]} 35. Rf5 {[%emt 0:00:07]} Rd8 {[%emt 0:00:19]} 36. Ba5 {[%emt 0:00:21]} Rd7 {[%emt 0:01:43]} 37. c4 {[%emt 0:00:18]} bxc4 {[%emt 0:01:33]} 38. dxc4 {[%emt 0:00:05]} Bxc4 {[%emt 0:00:29]} 39. Rxc5 {[%emt 0:00:05]} Rd1+ {[%emt 0:00:21]} 40. Kh2 {[%emt 0:00:07]} Bf1 {[%emt 0:00:12]} 41. Rc2 {[%emt 0:01:52]} Kg6 {[%emt 0:02:08]} 42. Bc7 {[%emt 0:00:49]} Bd3 {[%emt 0:00:36]} 43. Rf2 {[%emt 0:00:23]} Rc1 {[%emt 0:00:44]} 44. Bf4 {[%emt 0:00:22]} Rc2 {[%emt 0:00:12]} 45. Kg3 {[%emt 0:02:45]} Kf5 {[%emt 0:00:56]} 46. Bd2+ {[%emt 0:01:02]} Ke6 {[%emt 0:00:10]} 47. Bc3 {[%emt 0:00:20]} Rxf2 {[%emt 0:01:23]} 48. Kxf2 {[%emt 0:00:03]} g5 {[%emt 0:00:38]} 49. Ke3 {[%emt 0:00:26]} Bf1 {[%emt 0:00:07]} 50. Kf2 {[%emt 0:00:06]} Bc4 {[%emt 0:00:47]} 51. g3 {[%emt 0:00:24]} f5 {[%emt 0:00:17]} 52. g4 {[%emt 0:02:38]} fxg4 {[%emt 0:01:55]} 53. hxg4 {[%emt 0:00:03]} Kf7 {[%emt 0:00:10]} 54. Ke3 {[%emt 0:00:35]} Be6 {[%emt 0:00:13]} 55. Kf3 {[%emt 0:00:10]} Bd5+ {[%emt 0:00:10]} 56. Kg3 {[%emt 0:00:15]} Bb3 {[%emt 0:00:15]} 57. Bd4 {[%emt 0:00:20]} Kg6 {[%emt 0:00:13]} 58. Bc5 {[%emt 0:00:42]} Kf7 {[%emt 0:00:11]} 59. Bd6 {[%emt 0:01:00]} Kg7 {[%emt 0:00:11]} 60. Kf3 {[%emt 0:03:11]} Bd1+ {[%emt 0:00:09]} 61. Kg3 {[%emt 0:00:09]} Bb3 {[%emt 0:00:09]} 62. Bb4 {[%emt 0:00:15]} Kf7 {[%emt 0:00:08]} 63. Bc3 {[%emt 0:00:12]} Kg6 {[%emt 0:00:10]} 64. Be5 {[%emt 0:00:08]} Kf7 {[%emt 0:00:09]} 1/2-1/2

[Event "EYCC Girls U16 2021"]
[Site "Tornelo"]
[Date "2021.10.15"]
[Round "6.4"]
[White "Shuqja, Klean"]
[Black "Bashylina, Luisa"]
[Result "0-1"]
[WhiteElo "1877"]
[BlackElo "2127"]
[Annotator "TA"]
[PlyCount "112"]
[EventDate "2021.10.15"]
[EventType "swiss"]
[EventCountry "NET"]
[SourceTitle "playchess.com"]
[Source "ChessBase"]
[SourceQuality "1"]

{[%evp 9,112,-68,-70,-73,-61,-73,-68,-72,-71,-82,-52,-65,-14,-16,53,50,54,-34,-41,-47,-58,-45,-53,-76,2,-4,0,-5,-3,-42,-40,-26,-29,-14,-10,-70,-56,-62,-70,-70,-14,-17,-7,-56,-19,-7,-8,-71,-37,-73,-81,-122,-32,-33,-22,-51,-43,-63,-23,-78,-56,-85,156,-80,-85,-81,-76,-118,-93,-607,-641,-638,-629,-608,-596,-584,-502,-422,-372,-382,-352,-452,-449,-589,-432,-421,-425,-403,-366,-361,-347,-353,-353,-392,-347,-346,-341,-381,-375,-458,-458,-443,-431,-419,-411]} 1. e4 c5 2. b3 Nf6 3. e5 Nd5 4. c4 Nb4 5. a3 N4c6 6. Nf3 {B20: Sicilian: Unusual White 2nd moves.} g6 7. Bb2 Bg7 8. Qc2 {Black is slightly better.} O-O 9. Be2 Qc7 {[%cal Rc6e5]} 10. Qe4 {[#]} b6 $146 (10... Qb6 $15 11. Nc3 d6) ({Predecessor:} 10... Qb6 11. Qc2 d6 12. exd6 e5 13. Nc3 Nd4 14. Nxd4 exd4 15. Nb5 a6 16. Nc7 Ra7 {0-1 (33) Penzel,F (2107)-Poetsch,H (2485) Schoeneck 2017}) 11. Nc3 $11 Bb7 (11... Qd8 $11) 12. Nd5 $14 Qd8 13. O-O (13. h4 $14 e6 14. Nf6+ Bxf6 15. exf6) 13... d6 $15 14. exd6 Qxd6 ({Wrong is} 14... Bxb2 $2 15. dxe7 Qd6 16. exf8=N $18) 15. Bxg7 Kxg7 16. d4 Nd7 (16... cxd4 $17 17. Nxd4 e6 18. Nxc6 Nxc6) 17. Rad1 e6 18. Nc3 Nf6 19. Qc2 Nxd4 20. Nxd4 cxd4 21. Nb5 $1 {[%cal Rb5d6]} Qc5 ({Much weaker is} 21... Qc6 $6 22. Bf3 $14) 22. Nxd4 (22. b4 $11 Qg5 23. g3) 22... Qxa3 23. Bf3 Bxf3 24. Nxf3 Qc5 ({Black should try} 24... a5 $15) 25. Qc3 $11 h5 26. b4 Qf5 27. Nd4 Qf4 28. c5 (28. Rfe1 $11 {remains equal.}) 28... Kh7 29. c6 Nd5 30. Qb3 h4 ({Better is} 30... a5 $17 31. b5 Rfd8) 31. b5 $15 Rfd8 32. Ne2 Qg5 33. Qf3 Kg8 34. Rd4 (34. h3 $11) 34... Nc7 35. Rf4 f5 $2 {[#]} (35... h3 $17 {keeps the pressure on.} 36. Qxh3 (36. Rxf7 $2 Rd3 $19) 36... Nxb5) 36. Rb1 $2 (36. Qh3 $1 $16 {is forced if you want to stay better.}) 36... e5 $17 37. Qb3+ Kg7 38. Ra4 Rd2 $40 {[%mdl 128] Black has strong attack.} 39. Nc3 {[%mdl 8192] [#] This costs White the game.} (39. Kf1 $17) 39... h3 $1 $19 {[%csl Gh3][%cal Rg5g2]} 40. g3 Qh5 {( -> ...Qf3)} 41. g4 Qh4 42. Rf1 Rad8 43. Nb1 R2d3 44. Qb2 R3d4 45. Ra3 {If White can now play gxf5 this consolidates a bit.} Rxg4+ 46. Rg3 Rxg3+ 47. hxg3 Qe4 {[%csl Gh3][%cal Re4g2]} 48. f3 Qd4+ 49. Qxd4 exd4 {[%mdl 4096] Endgame KRN-KRN} 50. Na3 Kf6 51. f4 d3 52. Kh2 Ke6 53. Kxh3 Kd5 54. Kg2 Kc5 55. Kf3 Kb4 56. Nb1 Nxb5 {Weighted Error Value: White=0.45/Black=0.30} 0-1

[Event "EYCC Girls U16 2021"]
[Site "Tornelo"]
[Date "2021.10.15"]
[Round "6.5"]
[White "Shpakivskaya, Alina"]
[Black "Perez Garcia, Jimena"]
[Result "1-0"]
[WhiteElo "1875"]
[BlackElo "1914"]
[Annotator "TA"]
[PlyCount "79"]
[EventDate "2021.10.15"]
[EventType "swiss"]
[EventCountry "NET"]
[SourceTitle "playchess.com"]
[Source "ChessBase"]
[SourceQuality "1"]

{[%evp 19,79,0,0,-21,-35,-49,-7,0,52,55,92,35,39,31,68,29,41,41,43,32,65,60,97,91,158,48,37,19,160,76,63,64,68,59,74,14,189,88,591,558,562,363,353,276,506,501,899,894,883,728,2215,996,947,943,1422,1332,1272,1272,29991,29992,29992,29993]} 1. e4 c5 2. c4 d6 3. Nc3 Nc6 4. g3 g6 5. Bg2 Bg7 6. Nge2 Nf6 7. d3 O-O 8. O-O a6 9. h3 Rb8 10. a4 Ne8 11. f4 {A36: Symmetrical English vs ...g6: 4 Bg2 Bg7.} Nc7 12. Rb1 e6 {[#]} 13. Be3 $146 {The position is equal.} ({Predecessor:} 13. g4 f5 14. Be3 Nd4 15. b4 e5 16. gxf5 gxf5 17. b5 axb5 18. axb5 Qh4 19. Bf2 {0-1 (35) York Andersen,A (1828)-Bucar,N (2022) Athens 2012}) 13... Nd4 (13... Qe7 $11) 14. b4 $14 Bd7 15. b5 (15. bxc5 $16 dxc5 16. e5) 15... axb5 16. axb5 Qe7 17. Qd2 Rfe8 18. g4 f5 19. Bf2 Nxe2+ 20. Nxe2 Rbd8 21. Rbe1 Qf7 (21... fxg4 $142 22. hxg4 b6) 22. Ng3 ({White should try} 22. Qa5 $16 Bc8 23. Bh4) 22... b6 23. exf5 gxf5 (23... exf5 $11 24. gxf5 Bxf5) 24. gxf5 (24. Nh5 $142) 24... exf5 $16 25. Bf3 Rxe1 26. Rxe1 d5 27. Qc2 ({White should play} 27. Nh5 $16) 27... Bh6 $2 {[#]} (27... dxc4 $11 {and Black has nothing to worry.} 28. dxc4 Be6) 28. Nh5 (28. Kh1 $1 $18) 28... Be6 $2 {[%mdl 8192]} (28... Re8 $16 {prevents the worst.}) 29. Bh4 $18 Rd6 {[%cal Rd5c4]} 30. Kh1 dxc4 31. Qb2 Rd4 $2 (31... Bd5 32. Rg1+ Rg6 33. Rxg6+ hxg6 34. Nf6+ Kf8 35. Nxd5 Bg7) 32. dxc4 Bxc4 (32... Kf8 $142 33. Bf2 Qd7 34. Bxd4 cxd4) 33. Re7 Bd5 34. Nf6+ ({Not} 34. Rxf7 Bxf3+ 35. Kh2 Kxf7 $11) 34... Kf8 35. Rxf7+ (35. Nxd5 $142 Qxd5 36. Bxd5 Nxd5 37. Rxh7 Rd1+ 38. Kg2) 35... Bxf7 36. Nxh7+ Kg8 37. Nf6+ Kf8 38. Qg2 {[#] White wants to mate with Nh7+.} Rd6 39. Nh7+ Ke8 40. Bc6+ {Weighted Error Value: White=0.38/Black=1.03} 1-0

[Event "EYCC Girls U16 2021"]
[Site "Tornelo"]
[Date "2021.10.15"]
[Round "6.6"]
[White "Lomaia, Diana"]
[Black "Zabrzanska, Weronika"]
[Result "1-0"]
[WhiteElo "2111"]
[BlackElo "1892"]
[Annotator "TA"]
[PlyCount "67"]
[EventDate "2021.10.15"]
[EventType "swiss"]
[EventCountry "NET"]
[SourceTitle "playchess.com"]
[Source "ChessBase"]
[SourceQuality "1"]

{[%evp 18,67,29,29,31,21,64,65,66,66,98,44,56,9,42,11,22,22,50,57,62,43,49,39,42,28,77,81,231,227,265,237,279,277,254,200,290,300,505,494,566,553,825,815,915,921,890,874,1171,523,912,905]} 1. d4 d5 2. c4 e6 3. Nc3 Nf6 4. cxd5 exd5 5. Bg5 c6 6. e3 Bf5 7. Qf3 Bg6 8. Bxf6 Qxf6 9. Qxf6 gxf6 10. Nf3 Bd6 {D35: Queen's Gambit Declined: Exchange Variation.} 11. Kd2 {[#]} O-O $146 ({Predecessor:} 11... Nd7 12. Bd3 Nb6 13. Kc2 Nc4 14. e4 O-O-O 15. exd5 Bxd3+ 16. Kxd3 Nxb2+ 17. Kc2 Nc4 18. dxc6 bxc6 {½-½ (54) Goldbecker,K (2011)-Schmidt,D (2032) GER email 2017}) 12. Nh4 a5 {White is slightly better.} 13. Bd3 Na6 14. Bxa6 ({Of course not} 14. Nxg6 $6 hxg6 15. h4 Kg7 $11) (14. f4 $16) 14... Rxa6 $14 15. f4 {And now f5 would win.} f5 16. Rac1 Re8 17. h3 h5 18. g4 hxg4 19. hxg4 fxg4 20. Nxg6 fxg6 21. Rcg1 Kg7 22. Rxg4 {f5 is the strong threat.} Kf6 {[#] This costs Black the game.} (22... Be7 $16) 23. Rhg1 $1 $18 Rg8 24. e4 {Strongly threatening e5+.} dxe4 25. Nxe4+ Ke7 26. f5 g5 (26... Raa8 $142 27. Ke3 (27. fxg6 Rg7 $16) 27... Raf8 28. Rxg6 Rxg6 29. Rxg6 Bc7 30. f6+ Ke6) 27. Kd3 ({Less strong is} 27. Nxg5 Rxg5 28. Rxg5 Bf4+ 29. Kc3 Bxg5 $16) 27... Rd8 $2 (27... Raa8 {is a better defense.} 28. Rxg5 Rxg5 29. Rxg5 Rd8) 28. f6+ {White is clearly winning.} Ke6 {and the idea ...Bf4 leaves Black hopeful.} 29. Nxg5+ Kd5 30. Rf1 {[#] Threatens to win with Rf5+.} c5 31. Rf5+ Kc6 32. d5+ Kb5 33. a4+ Kb6 34. Nf7 {Weighted Error Value: White=0.26/Black=0.47} 1-0

[Event "EYCC Girls U16 2021"]
[Site "Tornelo"]
[Date "2021.10.15"]
[Round "6.7"]
[White "Naymanova, Patricie"]
[Black "Hakobyan, Astghik"]
[Result "1/2-1/2"]
[WhiteElo "1894"]
[BlackElo "2017"]
[Annotator "TA"]
[PlyCount "89"]
[EventDate "2021.10.15"]
[EventType "swiss"]
[EventCountry "NET"]
[SourceTitle "playchess.com"]
[Source "ChessBase"]
[SourceQuality "1"]

{[%evp 21,89,26,37,34,31,30,25,6,12,10,25,11,60,52,53,47,47,43,42,36,38,33,48,28,33,38,39,34,78,79,93,54,54,-37,-37,-49,-36,-83,-29,-35,-26,-124,-31,-26,-19,-21,0,-29,-50,-50,23,26,28,20,161,77,87,0,62,0,0,0,0,-329,-322,-309,-289,-295,0,0]} 1. d4 Nf6 2. c4 e6 3. Nf3 b6 4. g3 Ba6 5. Qc2 Bb7 6. Bg2 Bb4+ 7. Nc3 Be4 8. Qb3 Bxc3+ 9. Qxc3 O-O 10. O-O d6 11. b3 Nbd7 12. Bb2 {E32: Nimzo-Indian: Classical (4 Qc2): 4...0-0.} Qe7 13. Rfd1 a5 14. Qe3 {White has an edge.} Rfe8 15. Rac1 {[#]} Rac8 $146 ({Predecessor:} 15... e5 16. Bh3 Bxf3 17. exf3 exd4 18. Qxd4 Nc5 19. Qc3 Rad8 20. Re1 Qf8 {½-½ (66) Barth,G (2069)-Wuerzebesser,R (2034) GER email 2007}) 16. c5 Bxf3 17. cxd6 cxd6 {...Rxc1 is the strong threat.} 18. Bxf3 d5 19. Qd3 Nb8 20. Qb5 Qb7 21. e3 h5 22. h3 Red8 23. Ba3 Nc6 24. Be2 h4 25. gxh4 Ne4 26. Qa6 Qb8 27. f4 (27. Bd3 $14) 27... Nb4 $15 28. Bxb4 axb4 29. Kh2 Rc3 (29... b5 $17) 30. Rxc3 $11 Nxc3 31. Re1 (31. Rd2 $11) 31... Rc8 (31... Rd7 $1 $17 {[%cal Rd7a7] Threatens to win with ...Ra7.} 32. Ra1 Ra7) 32. a3 $15 Na2 33. Bd1 Rc3 34. axb4 Nxb4 35. Qe2 Nd3 (35... Qc7 $15 36. Rg1 Nc2) 36. Qd2 $11 Qc7 37. Rg1 Nc1 (37... Nb4 $1 $11) 38. Qg2 (38. h5 $1 $18 {is more deadly.}) 38... f5 $16 39. Qg6 ({Better is} 39. Qg3 $16) 39... Qf7 (39... Rxe3 $11 40. Rg3 (40. Qe8+ Kh7 $11) 40... Rxg3 41. Qe8+ (41. Kxg3 Qf7 $11) (41. Qxe6+ Kh8 $11) 41... Kh7 42. Qh5+ Kg8 43. Qe8+ {[%mdl 64] Double Attack} Kh7 44. Qh5+ Kg8 45. Qe8+ {[%mdl 64] Double Attack}) 40. Qg5 ({White should play} 40. Qg3 $1 $14) 40... Rxe3 $11 41. Bh5 Qc7 42. Qg6 $2 {[%mdl 8192]} (42. Rxc1 $11 {and White stays safe.} Qxc1 43. Qd8+ Kh7 44. Bg6+ {[%mdl 64] Decoy} Kxg6 45. Qe8+ Kh6 46. Qh8+ Kg6 47. Qe8+ Kf6 48. Qf8+ Kg6 49. Qe8+) 42... Qxf4+ $19 {[%mdl 64] Double Attack} 43. Kg2 {[#]} Qe4+ $1 (43... Rxb3 44. Qxe6+ Kh8 45. Qe8+ Kh7 46. Qg6+ Kh8 47. Qe8+ Kh7 48. Qg6+ Kh8 49. Qe8+ $11) ({Inferior is} 43... Nxb3 44. Qe8+ Kh7 45. Qg6+ Kh8 46. Qe8+ Kh7 47. Qg6+ Kh8 48. Qe8+ Kh7 $11) 44. Kh2 {[%csl Gg1][%cal Rg6g7] [#]} Qf4+ $2 ({Stronger than} 44... Qxd4 45. Qe8+ Kh7 46. Bg6+ Kh6 47. Qh8#) (44... Qc2+ $1 $19 45. Rg2 Qc7+ 46. Kh1 Qd7) 45. Kg2 {Weighted Error Value: White=0.41/Black=0.32} 1/2-1/2

[Event "EYCC Girls U16 2021"]
[Site "Tornelo"]
[Date "2021.10.15"]
[Round "6.8"]
[White "Striskova, Lucia"]
[Black "Zvereva, Margarita"]
[Result "0-1"]
[WhiteElo "1923"]
[BlackElo "2013"]
[Annotator "TA"]
[PlyCount "90"]
[EventDate "2021.10.15"]
[EventType "swiss"]
[EventCountry "NET"]
[SourceTitle "playchess.com"]
[Source "ChessBase"]
[SourceQuality "1"]

{[%evp 9,90,18,30,37,27,26,28,25,34,23,21,10,18,19,8,3,0,1,49,49,50,49,62,53,53,40,66,63,74,72,62,62,58,63,58,-189,-215,-206,-177,-228,-212,-307,-304,-527,-300,-520,-531,-514,-487,-482,-458,-445,-448,-509,-495,-708,-652,-625,-625,-695,-654,-617,-591,-550,-554,-29976,-29977,-29980,-29981,-29981,-29982,-29982,-29983,-29983,-29983,-29990,-29991,-29995,-29996,-29996,-29997,-29997,-29998]} 1. e4 c5 2. Ne2 d6 3. g3 g6 4. Bg2 Bg7 5. c3 e6 6. d4 {B20: Sicilian: Unusual White 2nd moves.} cxd4 7. cxd4 Ne7 8. Nbc3 {White has an edge.} Nbc6 {[%cal Bb8c6,Bc6e5,Be5c4][%mdl 32]} 9. Be3 O-O {[#]} 10. Qd2 $146 ({Predecessor:} 10. O-O f5 11. f3 Bd7 12. Rc1 fxe4 13. fxe4 Rxf1+ 14. Bxf1 Qa5 15. Qb3 Qd8 16. Bh3 {0-1 (28) Makarczyk,D (1419)-Indriunas,M (1774) Batumi 2016}) 10... f5 11. d5 Ne5 12. dxe6 {Threatening Nf4.} Nc4 13. Qc1 Nxe3 14. Qxe3 Bxe6 15. exf5 Bxf5 16. O-O Nc6 17. Rad1 Qf6 18. Ne4 Bxe4 19. Bxe4 Rae8 20. Nc3 Kh8 21. Qd2 Ne5 22. Qxd6 $2 {This costs White the game.} (22. Qd5 $14) 22... Qxd6 $19 23. Rxd6 Nc4 24. Rd7 (24. Bxg6 $142 hxg6 25. Rxg6) 24... Bxc3 ({Weaker is} 24... Nxb2 25. Rc1 $11) 25. bxc3 (25. Bxb7 {is a better defense.} Bxb2 26. Rfd1) 25... Rxe4 26. Rxb7 $2 (26. f4 {was worth a try.}) 26... Re2 {[#] aiming for ...Nd2.} 27. Rd1 $2 (27. f4) 27... Nd2 28. f4 g5 29. Rd7 Nf3+ {[%mdl 64] [#] Double Attack, Discovered Attack} 30. Kf1 Rxa2 31. R1d6 Nxh2+ 32. Kg1 (32. Ke1 $142 gxf4 33. Rd8 Rxd8 34. Rxd8+ Kg7 35. gxf4) 32... Nf3+ 33. Kf1 {intending Rh6!} gxf4 34. Rd8 Rxd8 35. Rxd8+ {[%mdl 4096] Endgame KRN-KR} Kg7 36. gxf4 h5 37. f5 h4 {Black mates.} 38. f6+ Kf7 39. Rh8 a5 40. c4 a4 41. c5 Rc2 42. Ra8 h3 43. Rxa4 h2 {[%cal Rh2h1]} 44. Ra7+ Kg6 {[%cal Rh2h1]} 45. Rg7+ Kh6 {Weighted Error Value: White=0.65/Black=0.12} 0-1

[Event "EYCC Girls U16 2021"]
[Site "Tornelo"]
[Date "2021.10.15"]
[Round "6.9"]
[White "Hertlein, Irena"]
[Black "Tokmakova, Ulyana"]
[Result "1/2-1/2"]
[WhiteElo "1741"]
[BlackElo "1977"]
[Annotator "TA"]
[PlyCount "146"]
[EventDate "2021.10.15"]
[EventType "swiss"]
[EventCountry "NET"]
[SourceTitle "playchess.com"]
[Source "ChessBase"]
[SourceQuality "1"]

{[%evp 17,146,12,10,-14,-7,-14,6,4,6,7,10,16,22,15,18,14,17,13,11,5,23,0,19,8,17,0,0,0,22,13,63,18,45,-45,-23,-58,0,0,0,0,23,0,34,27,60,50,53,43,64,42,54,55,31,34,144,144,164,177,180,177,189,178,179,192,190,173,175,177,167,8,162,0,168,0,156,159,308,277,315,187,194,191,765,754,1229,1171,1486,1386,947,216,209,177,177,151,151,151,151,151,151,151,151,151,151,151,151,151,151,59,62,62,62,62,103,8,59,8,143,143,144,144,144,0,0,0,0,0,0,0,0,0,0]} 1. d4 Nf6 2. Bf4 e6 3. e3 c5 4. Nf3 Be7 5. dxc5 Bxc5 6. c4 O-O 7. Nc3 Nc6 8. a3 d5 9. b4 Be7 10. c5 {D37: Queen's Gambit Declined: 5 Bf4.} Nh5 {[#]} 11. Bg3 $146 ({Predecessor:} 11. Bd3 Bf6 12. Rc1 Nxf4 13. exf4 Bxc3+ 14. Rxc3 Qf6 15. Qd2 e5 16. fxe5 Nxe5 17. Be2 d4 {0-1 (37) Knuth,H (2331)-Pedersen,S (2420) Germany 2014}) 11... Bf6 12. Rc1 Nxg3 13. hxg3 Ne7 14. Bd3 g6 15. O-O e5 {Black wants to play ...e4.} 16. Bb1 Bg4 {White should prevent ...e4.} 17. Qb3 Be6 {Hoping for ...d4.} 18. Qc2 a6 19. Rfd1 Qc7 20. Ba2 {[%cal Ra2d5]} Qc6 21. Na4 Rad8 22. Nb6 Bf5 23. Qd2 {[%cal Rb6d5]} Be4 24. Ne1 Bg5 25. f4 (25. Qe2 $14) 25... Bf6 26. Bb1 d4 (26... Bxb1 $15 27. Rxb1 h5) 27. Bxe4 Qxe4 28. exd4 Rxd4 29. Qc2 Qe3+ 30. Qf2 Qxf2+ (30... exf4 $6 31. Qxe3 fxe3 32. Nd7 $16) 31. Kxf2 Rfd8 (31... exf4 32. Nd7 $16) 32. Rxd4 Rxd4 33. Nf3 {[%mdl 64] [#] Double Attack} Rd3 34. fxe5 Bg7 35. Nc4 $36 {[%mdl 2048] White has some pressure.} Nc6 (35... Bh6 $1 $14 36. Ne1 Rxa3 37. Nxa3 Bxc1) 36. Ke2 $16 Rd5 {[%cal Rc6e5]} 37. Rd1 Rxd1 38. Kxd1 $18 {[%mdl 4096] Endgame KBN-KNN} Kf8 39. Ke2 Ke7 40. Ke3 Ke6 {[%cal Rc6e5]} 41. Ke4 f5+ 42. exf6 $1 Bxf6 43. Nd6 $2 (43. g4 $18) 43... Bb2 $2 (43... b5 $1 $11) 44. Nc4 (44. Nxb7 $6 Bxa3 45. Ng5+ Kd7 $11) 44... Bf6 45. Nd6 Bb2 46. Ng5+ ({Resist} 46. Nxb7 $6 Bxa3 47. Ng5+ Kd7 $14) 46... Kd7 (46... Kf6 $16 {keeps fighting.}) 47. Nc4 ({Stronger than} 47. Nxb7 h6 $11) (47. Nxh7 b5 $16) 47... Bc1 48. Nf3 (48. Nxh7 $142 {Strongly threatening Nf8+.} Ke7 49. Kd5) 48... Bh6 49. Nfe5+ Ke6 $2 (49... Nxe5 50. Nxe5+ (50. Kxe5 Kc6 $16) 50... Kc7) 50. Nxc6 bxc6 {KB-KN} 51. Ne5 Bc1 52. Nxc6 Bxa3 53. Nd4+ $2 (53. Kd4 g5 54. Kc4) 53... Kd7 54. Nc2 Bc1 55. Kd5 Bd2 56. g4 Kc7 57. Kc4 h5 58. gxh5 gxh5 59. Kb3 Kc6 60. Ka4 Bg5 61. Nd4+ Kd5 62. Nb3 ({White should play} 62. Ne2 $16) 62... Bd8 $14 63. b5 axb5+ 64. Kxb5 h4 65. Nd2 (65. c6 $16) 65... Ke5 $1 $11 66. Kc6 ({Better is} 66. c6 $1 $14) 66... Kf4 {[#]} (66... Be7 $11) 67. Kd7 $1 $16 {[%cal Rd7d8]} Ba5 68. c6 {Nc4 is the strong threat.} Kg3 69. Nf3 (69. Nc4 $16 Kxg2 70. Nxa5) 69... h3 $11 {The position is equal.} 70. gxh3 {And now Ne5 would win.} Kxf3 71. h4 {aiming for h5.} Kg4 72. c7 Bxc7 $1 73. Kxc7 Kxh4 {Weighted Error Value: White=0.43/Black=0.22} 1/2-1/2

[Event "EYCC Girls U16 2021"]
[Site "Tornelo"]
[Date "2021.10.15"]
[Round "6.10"]
[White "Russeva, Viktoria"]
[Black "Dietz, Kristin"]
[Result "1/2-1/2"]
[WhiteElo "1713"]
[BlackElo "1924"]
[Annotator "TA"]
[PlyCount "100"]
[EventDate "2021.10.15"]
[EventType "swiss"]
[EventCountry "NET"]
[SourceTitle "playchess.com"]
[Source "ChessBase"]
[SourceQuality "1"]

{[%evp 16,100,1,0,0,-12,-7,0,0,0,0,0,0,-62,-47,-44,-47,-85,-27,-20,-20,-20,-20,-17,0,-37,-32,-42,-38,-34,-34,-21,-27,-26,-25,-21,-23,-46,-43,-45,-25,-52,-6,-5,-7,-22,-9,-20,0,-53,0,0,0,0,0,-97,-77,-74,507,-90,0,0,0,0,0,0,52,45,52,51,78,31,43,31,47,31,97,52,154,28,48,48,77,70,90,0,79]} 1. e4 c5 2. c3 Nf6 3. e5 Nd5 4. d4 cxd4 5. cxd4 d6 6. Nf3 Nc6 7. Bc4 dxe5 8. dxe5 Ndb4 9. Qb3 e6 {B22: Sicilian: 2 c3.} 10. O-O Na5 $1 {[%cal Ra5b3]} 11. Bb5+ Bd7 12. Qa4 Bxb5 13. Qxb5+ Nac6 14. Na3 {[#]} (14. Qxb7 $2 Rb8 $19) (14. Nc3 $11) 14... Be7 $146 ({Predecessor:} 14... a6 15. Qe2 Qd3 16. Qe1 Nd5 17. Qd1 Qxd1 18. Rxd1 Bxa3 19. bxa3 O-O-O 20. Bg5 Rd7 {0-1 (69) Atabayev,Y (2473)-Quparadze,G (2481) Doha 2016}) 15. Be3 ({But not} 15. Qxb7 $2 Rb8 $19) 15... a6 16. Qe2 (16. Qxb7 $2 Rb8 $19) 16... O-O (16... Qd3 $1 $17 {[%cal Rd3e2]} 17. Rfe1 b5) 17. Rfd1 $11 Qc7 18. Nc4 Nd5 19. Rac1 Rac8 20. Ncd2 Qb8 21. Bd4 Rfd8 22. Nb3 Nf4 23. Qe4 Ng6 24. Bc3 h6 25. h3 Bf8 26. Nbd4 {With the idea Nxe6.} Nge7 27. Nxc6 Nxc6 28. Nd4 Rd5 29. Nxc6 bxc6 30. Rd3 g6 31. f4 Bc5+ 32. Kh1 (32. Kh2 $11) 32... Qb6 (32... Rcd8 $15 33. Rf3 Qb6) 33. Rg3 Kh7 34. Rf1 Rcd8 35. h4 (35. Rgf3 $1 $11 Rd1 36. Rxd1 Rxd1+ 37. Kh2) 35... Qb5 36. Rgf3 {[#] Hoping for f5!} Bd4 $2 {[%mdl 8192] [#]} (36... Rd1 $1 $17 {[%cal Rd1f1] stays on course.} 37. Rxd1 Rxd1+ 38. Kh2 h5) 37. Rc1 (37. f5 $1 $18 {[%cal Rf5g6]} Qxf1+ 38. Rxf1 gxf5 39. Qe2) 37... c5 (37... Bxc3 $17 38. bxc3 Rd1+ 39. Rxd1 Rxd1+ 40. Kh2 h5) 38. h5 Qe8 39. hxg6+ fxg6 40. Bxd4 cxd4 ({Black should play} 40... Rxd4 $11 41. Qe3 Qe7) 41. Rd3 Qe7 42. Rc4 Qd7 43. g3 Qb5 44. b3 ({Not} 44. Rdxd4 $2 Rxd4 45. Rxd4 Qf1+ 46. Kh2 Qf2+ 47. Qg2 Qxd4 $19) 44... Kg7 45. Kh2 ({Don't blunder} 45. Rdxd4 $2 Rxd4 46. Rxd4 Qf1+ 47. Kh2 Qf2+ 48. Kh3 Qxd4 $19) 45... Qa5 (45... h5 $14) 46. Qe2 R8d7 (46... Qb5 $14) 47. Qb2 (47. Rc6 $16 Re7 48. Rd6) 47... Qb6 48. Qc2 {Rc6 is the strong threat.} Kf7 49. Rc6 Qa5 50. Rc4 Qb6 {Weighted Error Value: White=0.43/Black=0.36} 1/2-1/2